Statistics for Biblical People Whose Names Begin with I

Click here to take the quiz!

General Stats

  • This quiz has been taken 73 times
  • The average score is 5 of 8

Answer Stats

HintAnswer% Correct
Abraham's Son of PromiseIsaac
98%
Abraham & Hagar's SonIshmael
87%
ProphetIsaiah
86%
Jacob's New NameIsrael
83%
"God is with us"Immanuel
57%
9th son of Jacob, 6th son of LeahIssachar
48%
Son of Phinehas, Grandson of EliIchabod
21%
Son of King Saul, Reigned brieflyIshbosheth
21%

Score Distribution

Percentile by Number Answered

Percent of People with Each Score

Your Score History

You have not taken this quiz